01073 2200325 4500001002100000005001500021035002000036007000300056040001700059100005100076245014200127250001000269300003300279020002200312041000800334082001700342084001700359090002100376264004500397336002100442337003000463338002300493650001500516700007600531730004500607850001000652008004100662990002200703990002200725INLIS00000000001000820260410084710 a0010-0123000335ta aSBPUPADbind0 a'Adil Bin Hassan Bin Yusuf Al-HamadePengarang1 aHari-Hari Terakhir Kehidupan Rasulullah /c'Adil Bin Hasan Bin Yusuf Al-Hamad.; Editor Ruslan Nur Hadi, Penerjemah Muhammad Purwa Nugraha aCet.3 axvi 345 hlm :bilu. ;c24 cm a978-602-74124-4-617aind a297.63 ALH h a297.63 ALH h a297.63 ALH h 2-4 aDepok :bPustaka Khazanah Fawa'id,c2016 2rdacontentaTeks 2rdamediaatanpa perantara 2rdacarrieravolume 4aRasulullah0 aEditor.; Ruslan Nur Hadi, Penerjemah Muhammad Purwa NugrahaePenerjemah 2aAl-Ayyamul Akhirah Min Hayati Rasulillah aPUPAD260410 0  a24.478/H/DPK/2017 a28.948/B/DPK/2018